U.S. Cities by Letter - N (Map Quiz) - Statistics

General Stats
  • This quiz has been taken 1,064 times
  • The average score is 11 of 14
Answers on the Map
Answers color-coded by a green-red scale on the quiz's map according to % correct below.
 
Answer Stats
Answer % Correct
New Orleans
96%
Nashville
95%
New York
95%
Niagara Falls
95%
New Haven
88%
Nantucket
83%
Napa
83%
Norfolk
82%
Naples
76%
Naperville
69%
Norman
68%
Nashua
59%
Nampa
57%
New Bern
55%
No matching quizzes found
Score Distribution
Percent of People with Each Score
Percentile by Number Answered
Your Score History
You have not taken this quiz